Las maravillas de la arquitectura / (Record no. 157445)

MARC details
000 -LEADER
campo de control de longitud fija 00804nam a2200217 i 4500
001 - NÚMERO DE CONTROL
campo de control 157445
003 - IDENTIFICADOR DE NÚMERO DE CONTROL
campo de control ES-MaACL
005 - FECHA Y HORA DE LA ÚLTIMA TRANSACCIÓN
campo de control 20250928113835.0
008 - DATOS DE LONGITUD FIJA--INFORMACIÓN GENERAL
campo de control de longitud fija 931025s1867 fr a |||| | spa d
100 1# - ENTRADA PRINCIPAL--NOMBRE DE PERSONA
Nombre de persona Lefèvre, André.
9 (RLIN) 71236
245 14 - MENCIÓN DEL TÍTULO
Título Las maravillas de la arquitectura /
Mención de responsabilidad, etc. por André Lefèvre ; traducida al español por M. Soriano Fuertes.
260 ## - PUBLICACIÓN, DISTRIBUCIÓN, ETC.
Lugar de publicación, distribución, etc. Paris :
Nombre del editor, distribuidor, etc. Librería de L.Hachette y Cª,
Fecha de publicación, distribución, etc. 1867 (
Fabricante Imp. general de Ch. Lahure)
300 ## - DESCRIPCIÓN FÍSICA
Extensión 465, 8 p. :
Otras características físicas il. ;
Dimensiones 19 cm.
490 1# - MENCIÓN DE SERIE
Mención de serie Biblioteca de las Maravillas ;
Designación de volumen o secuencia 3
650 #4 - PUNTO DE ACCESO ADICIONAL DE MATERIA--TÉRMINO DE MATERIA
Término de materia o nombre geográfico como elemento de entrada Arquitectura
9 (RLIN) 9986
700 1# - ENTRADA AGREGADA--NOMBRE PERSONAL
Nombre de persona Soriano Fuertes, Mariano,
Fechas asociadas al nombre 1817-1880
9 (RLIN) 152764
830 0# - PUNTO DE ACCESO ADICIONAL DE SERIE-TÍTULO UNIFORME
Título uniforme Biblioteca de las Maravillas ;
Designación de volumen o secuencia 3
9 (RLIN) 182500
852 ## - LOCALIZACIÓN
Ubicación ES-MaACL
Número de control de estantería D-1497
Nota libre -- Enc. hol.
Holdings
Estatus retirado Estado de pérdida Estado de daño No para préstamo Colección Biblioteca de origen Biblioteca actual Ubicación en estantería Fecha de adquisición Fuente de adquisición Total de préstamos Signatura topográfica completa Código de barras Visto por última vez Precio de reemplazo Tipo de ítem Koha
        Libros del s. XIX Biblioteca del Ateneo de Madrid Biblioteca del Ateneo de Madrid Sala Valle Inclán 17/01/2008     D-1497 901164763 23/02/2023 23/02/2023 Libro impreso antiguo